<?xml version="1.0" encoding="UTF-8"?>
<record
    xmlns:xsi="http://www.w3.org/2001/XMLSchema-instance"
    xsi:schemaLocation="http://www.loc.gov/MARC21/slim http://www.loc.gov/standards/marcxml/schema/MARC21slim.xsd"
    xmlns="http://www.loc.gov/MARC21/slim">

  <leader>01408njm a22002537a 4500</leader>
  <controlfield tag="005">20100908112731.0</controlfield>
  <controlfield tag="006">a|||||r|||||00| 0 </controlfield>
  <controlfield tag="007">sd ammalaaahaa</controlfield>
  <controlfield tag="008">100901t        xxu||||| |||| 00| 0 eng d</controlfield>
  <datafield tag="028" ind1=" " ind2=" ">
    <subfield code="a">H.156 H</subfield>
    <subfield code="b">Hindustan Record</subfield>
  </datafield>
  <datafield tag="035" ind1=" " ind2=" ">
    <subfield code="a">GR-856</subfield>
  </datafield>
  <datafield tag="040" ind1=" " ind2=" ">
    <subfield code="a">SED</subfield>
    <subfield code="c">SED</subfield>
  </datafield>
  <datafield tag="100" ind1=" " ind2=" ">
    <subfield code="a">K .L.Saigol</subfield>
    <subfield code="9">17816</subfield>
  </datafield>
  <datafield tag="245" ind1=" " ind2=" ">
    <subfield code="a">Aveser beeto jaat prani tero aveser beeto jaat:</subfield>
    <subfield code="h">[Gramophone Recoding] : </subfield>
    <subfield code="b"> hindi song/ </subfield>
    <subfield code="c">by K .L.Saigol</subfield>
  </datafield>
  <datafield tag="246" ind1=" " ind2=" ">
    <subfield code="a">&#x905;&#x935;&#x938;&#x930; &#x92C;&#x940;&#x924;&#x94B;  &#x91C;&#x93E;&#x924;  &#x92A;&#x94D;&#x930;&#x93E;&#x923;&#x940;  &#x924;&#x947;&#x930;&#x94B;   &#x905;&#x935;&#x938;&#x930;  &#x92C;&#x940;&#x924;&#x94B;  &#x91C;&#x93E;&#x924;  (&#x915;&#x947; .&#x932; .&#x938;&#x948;&#x917;&#x94B;&#x932; )</subfield>
  </datafield>
  <datafield tag="260" ind1=" " ind2=" ">
    <subfield code="a">Dum Dum, India:</subfield>
    <subfield code="b">His Master 's Voice</subfield>
  </datafield>
  <datafield tag="300" ind1=" " ind2=" ">
    <subfield code="a">1 sound Disc [GramaphoneRecording] :</subfield>
    <subfield code="b">analog, 33 1/3 rpm ;</subfield>
    <subfield code="c">9.5 in (MP)</subfield>
    <subfield code="f">Gramaphone Records</subfield>
  </datafield>
  <datafield tag="500" ind1=" " ind2=" ">
    <subfield code="a">Brief Record</subfield>
  </datafield>
  <datafield tag="505" ind1=" " ind2=" ">
    <subfield code="a">&#x905;&#x935;&#x938;&#x930; &#x92C;&#x940;&#x924;&#x94B;  &#x91C;&#x93E;&#x924;  &#x92A;&#x94D;&#x930;&#x93E;&#x923;&#x940;  &#x924;&#x947;&#x930;&#x94B;   &#x905;&#x935;&#x938;&#x930;  &#x92C;&#x940;&#x924;&#x94B;  &#x91C;&#x93E;&#x924;  (&#x915;&#x947; .&#x932; .&#x938;&#x948;&#x917;&#x94B;&#x932; )Aveser beeto jaat prani tero aveser beeto jaat:( K .L.Saigol ) &#x938;&#x93E;&#x907;&#x921;  &#x968;  &#x926;&#x93F;&#x928;  &#x928;&#x940;&#x915;&#x947;  &#x91C;&#x93E;&#x924; &#x939;&#x947;  &#x938;&#x941;&#x92E;&#x93F;&#x930;&#x928;  &#x915;&#x930;  &#x92A;&#x940;&#x92F;&#x93E;   (&#x915;&#x947; .&#x932; .&#x938;&#x948;&#x917;&#x94B;&#x932; ) Side 2 Din neeke jat he sumeeran kar peeya  (K .L.Saigol)  </subfield>
    <subfield code="g"> </subfield>
  </datafield>
  <datafield tag="650" ind1=" " ind2=" ">
    <subfield code="a">Motion Picture Music</subfield>
    <subfield code="x">Excerpts</subfield>
    <subfield code="z">India</subfield>
    <subfield code="9">17817</subfield>
  </datafield>
  <datafield tag="700" ind1=" " ind2=" ">
    <subfield code="9">18629</subfield>
  </datafield>
  <datafield tag="942" ind1=" " ind2=" ">
    <subfield code="2">ddc</subfield>
    <subfield code="c">GR</subfield>
  </datafield>
  <datafield tag="999" ind1=" " ind2=" ">
    <subfield code="c">44402</subfield>
    <subfield code="d">44402</subfield>
  </datafield>
  <datafield tag="952" ind1=" " ind2=" ">
    <subfield code="0">0</subfield>
    <subfield code="1">0</subfield>
    <subfield code="2">ddc</subfield>
    <subfield code="4">0</subfield>
    <subfield code="7">1</subfield>
    <subfield code="8">NFIC</subfield>
    <subfield code="a">L</subfield>
    <subfield code="b">L</subfield>
    <subfield code="d">2010-09-08</subfield>
    <subfield code="e">SED/VEN</subfield>
    <subfield code="l">0</subfield>
    <subfield code="p">GR-856</subfield>
    <subfield code="r">2010-09-08 00:00:00</subfield>
    <subfield code="t">1</subfield>
    <subfield code="w">2010-09-08</subfield>
    <subfield code="y">GR</subfield>
  </datafield>
</record>
